Fugas : el fin del cuerpo en los comienzos del milenio /

Guardado en:
Autor Principal: Calmels, Daniel
Formato: Libro
Publicado: Buenos Aires : Biblos, 2013
Materias:
Etiquetas: Agregar Etiqueta
Sin Etiquetas, Sea el primero en etiquetar este registro!
LEADER 00612nam a22001935a 4500
001 EHU.bham043213
003 AR-BHAM
005 20150518103651.0
008 130507s2013##################000#0#####d
020 |a 9789876910804 
082 3 9 |a 390 
100 1 |a Calmels, Daniel 
245 1 0 |a Fugas :  |b el fin del cuerpo en los comienzos del milenio /  |c  Daniel Calmels 
260 |a Buenos Aires :  |b Biblos,  |c 2013 
300 |a 221 p. 
653 |a Cuerpo humano-hábitos 
653 |a Cuerpo humano y cultura 
653 |a Cuerpo humano-comunicación y aprendizaje 
859 |a AR-BHAM  |b BIB. HUMANIDADES - General  |h 390  |i C136  |p 158.15  |t Ej.1